00326nam a2200085Ia 4500008004100000082001500041100002700056245014800083260000900231230320s9999||||xx |||||||||||||| ||spa|| aTMG/2018/8 aBeck Campos, Constanza 0aMotivación Y Desempeño Del Docente Del Programa De Diploma Del Bachillerato Internacional En Una Institución Educativa Particular De Lima bLima